000 00861nam a2200229Ii 4500
003 JO-AjNU
008 230605s9999||||xx |||||||||||||| ||und||
017 _a2017/5/2412
020 _a978-9957-631-83-3
040 _aJO-AjNU
_bara
_erda
_cJO-AjNU
041 _aara
050 1 4 _aPJ6696.Z5.P486 2018
100 3 _aالنجار، أشواق محمد إسماعيل ,
_eauthor
_958621
245 0 0 _aفاعلية الإيحاء الصوتي في القرآن الكريم: دالات التشكيل
250 _aط1
264 3 1 _aإربد: عالم الكتب الحديث للنشر والتوزيع، 2018
300 _a244ص
336 _atext
_btxt
_2rdacontent
337 _aunmediated
_bn
_2rdamedia
338 _avolume
_bnc
_2rdacarrier
650 4 _a اللغة العربية - علم الأصوات - القرآن - قراءات - لفظ
_958622
999 _aA26334
_c29902
_d29902